Izvoz spreman — 

The bookshop the gate of angels the blue flower

Đã lưu trong:
Bibliografiske detaljer
Hovedforfatter: Penelope Fitzgerald
Format: Bog
Sprog:Undetermined
Udgivet: London Every man's library 2001
Fag:
Tags: Tilføj Tag
Ingen Tags, Vær først til at tagge denne postø!
Thư viện lưu trữ: Trung tâm Học liệu Trường Đại học Cần Thơ
LEADER 00498nam a2200169Ia 4500
001 CTU_47231
008 210402s9999 xx 000 0 und d
082 |a 813.52 
082 |b F553b/2001 
100 |a Penelope Fitzgerald 
245 4 |a The bookshop the gate of angels the blue flower 
245 0 |c Penelope Fitzgerald 
260 |a London 
260 |b Every man's library 
260 |c 2001 
650 |a american fiction - 20th century 
980 |a Trung tâm Học liệu Trường Đại học Cần Thơ